Genèse selon la science (Record no. 156452)

MARC details
000 -LEADER
campo de control de longitud fija 00743nam a22002175i 4500
001 - NÚMERO DE CONTROL
campo de control 156452
003 - IDENTIFICADOR DE NÚMERO DE CONTROL
campo de control ES-MaACL
005 - FECHA Y HORA DE LA ÚLTIMA TRANSACCIÓN
campo de control 20230906210419.0
008 - DATOS DE LONGITUD FIJA--INFORMACIÓN GENERAL
campo de control de longitud fija 000103s1862 fr a |||| | fre d
040 ## - FUENTE DE CATALOGACIÓN
Centro catalogador/agencia de origen M-RACE
Lengua de catalogación spa
Centro/agencia transcriptor M-RACE
Centro/agencia modificador CCPB | B
100 1# - ENTRADA PRINCIPAL--NOMBRE DE PERSONA
Nombre de persona Jouvencel, Paul de.
9 (RLIN) 128371
245 10 - MENCIÓN DEL TÍTULO
Título Genèse selon la science
Resto del título : les commencements du monde /
Mención de responsabilidad, etc. par Paul de Jouvencel.
250 ## - MENCION DE EDICION
Mención de edición 2e éd. rev. et augm.
260 ## - PUBLICACIÓN, DISTRIBUCIÓN, ETC.
Lugar de publicación, distribución, etc. Paris :
Nombre del editor, distribuidor, etc. Garnier Frères,
Fecha de publicación, distribución, etc. 1862.
300 ## - DESCRIPCIÓN FÍSICA
Extensión 415 p. ;
Dimensiones 18 cm.
650 04 - PUNTO DE ACCESO ADICIONAL DE MATERIA--TÉRMINO DE MATERIA
Término de materia o nombre geográfico como elemento de entrada Cosmología.
9 (RLIN) 11389
650 ## - PUNTO DE ACCESO ADICIONAL DE MATERIA--TÉRMINO DE MATERIA
Término de materia o nombre geográfico como elemento de entrada Tierra (Planeta)-
Subdivisión general Origen.
9 (RLIN) 178537
752 ## - ENTRADA AGREGADA--NOMBRE JERÁRQUICO DEL LUGAR
País o entidad superior Francia -
Ciudad Paris
852 ## - LOCALIZACIÓN
Ubicación ES-MaACL
Número de control de estantería G-10744
Nota libre - Enc. hol.
Encuadernación - Edic: Completar T260: (Imp. Simon Raçon et Comp.
Holdings
Estatus retirado Estado de pérdida Estado de daño No para préstamo Colección Biblioteca de origen Biblioteca actual Ubicación en estantería Fecha de adquisición Fuente de adquisición Total de préstamos Signatura topográfica completa Código de barras Visto por última vez Precio de reemplazo Tipo de ítem Koha
        Libros del s. XIX Biblioteca del Ateneo de Madrid Biblioteca del Ateneo de Madrid Sala Pecera Planta 3 17/01/2008     G-10744 1163683 23/02/2023 23/02/2023 Libro impreso antiguo